Punk Rock Musicians by Picture - Statistics

General Stats
  • This quiz has been taken 595 times
    549 since last reset
  • The average score is 11 of 32
Answer Stats
Picture Answer % Correct
Billie Joe Armstrong
85%
Iggy Pop
76%
Sid Vicious
68%
Johnny Rotten
67%
Joey Ramone
65%
Travis Barker
60%
Joan Jett
55%
Debbie Harry
52%
Patti Smith
50%
Joe Strummer
49%
Henry Rollins
46%
Siouxsie Sioux
42%
David Byrne
40%
GG Allin
32%
Fat Mike
31%
Chrissie Hynde
28%
Glenn Danzig
27%
Shane MacGowan
25%
Ian McKaye
24%
Jello Biafra
23%
Paul Weller
23%
Poly Styrene
19%
Captain Sensible
17%
H.R.
17%
Kathleen Hanna
17%
Keith Morris
16%
Dave Vanian
15%
Tom Verlaine
15%
Richard Hell
14%
Joel & Benji Madden
12%
Mike Ness
12%
Pete Shelley
12%
No matching quizzes found
Score Distribution
Percent of People with Each Score
Percentile by Number Answered
Your Score History
You have not taken this quiz since the last reset